| 000 | 00363nam a2200145Ia 4500 | ||
|---|---|---|---|
| 005 | 20251222141823.0 | ||
| 008 | 251222s9999||||xx |||||||||||||| ||spa|| | ||
| 020 | _a9972657019 | ||
| 082 | _a370.152.3/C27 | ||
| 100 | _aCapella Riera, Jorge | ||
| 245 | 0 | _aAprendizaje y Constructivismo | |
| 250 | _a1ra.ed. | ||
| 264 | _bEdiciones Massey and Vanier | ||
| 942 | _cLIB | ||
| 999 |
_c6865 _d6865 |
||